00720 2200229 4500001002100000005001700021008004100038020002200079035002500101040001200126082002100138084002100159100002600180245009600206260003700302300003700339504003200376650003000408700001800438850001200456990002200468INLIS00000000000360520150803100049.0  a978-979-29-3875-3 a0010-041500000000671 aYOPDYOG aDEP 639.31 Ghu B aDEP 639.31 Ghu B aGHUFRAN H. KORDI K, M aBuku pintar bisnis dan budidaya ikan baung /cM. Ghufran H. Kordi K ; editor, Wistriningsih aYogyakartabLily Publisherc2013 axxi, 235 hlm . :bilus. ;c23 cm aBibliografi : hlm 231 - 235 aIkan Baung - Pemeliharaan aWistriningsih aYOPDYOG aCB-D.11-2013-2062